| 000 | 00569nam a2200157 4500 | ||
|---|---|---|---|
| 008 | 151202b xxu||||| |||| 00| 0 eng d | ||
| 020 | _a9789717250731 | ||
| 082 |
_2c2014 _aDFil 499.21107 _bSi6 |
||
| 245 |
_aSining ng komunikasyon: _b(akademikong Filipino)/ _cReynaldo L. Aguilar, Zenaida M. Pegtuan, Normita I. Reyes, Deogracia D. C. Santos. |
||
| 260 |
_aMetro Manila: _bGrandbooks Publishing, Inc., _cc2014. |
||
| 300 |
_aiv, 248 pages: _c23 cm. |
||
| 500 | _aInclude references. | ||
| 650 | 0 |
_9859 _aFilipino. |
|
| 700 |
_9863 _aSantos, Deogracia D. C. |
||
| 942 |
_2ddc _cBK |
||
| 999 |
_c360 _d360 |
||